| 000 -LEADER |
| fixed length control field |
00473nam a22001697a 4500 |
| 008 - FIXED-LENGTH DATA ELEMENTS--GENERAL INFORMATION |
| fixed length control field |
150925b xxu||||| |||| 00| 0 eng d |
| 020 ## - INTERNATIONAL STANDARD BOOK NUMBER |
| International Standard Book Number |
0827326556 |
| 041 0# - LANGUAGE CODE |
| Language code of text/sound track or separate title |
eng |
| 080 ## - UNIVERSAL DECIMAL CLASSIFICATION NUMBER |
| Universal Decimal Classification number |
62 |
| 100 1# - Rafti |
| Rafti |
Hacker, Michael. |
| 245 10 - TITLE STATEMENT |
| Title |
Technology in your world / |
| Statement of responsibility, etc |
Michael Hacker, Robert A. Barden. |
| 260 ## - |
| -- |
Albany, N.Y. : |
| -- |
Delmar Publishers, |
| -- |
1987. |
| 300 ## - |
| -- |
xv, 427 f. : |
| -- |
me il.; |
| -- |
26 cm. |
| 650 #0 - |
| -- |
Teknologjia |
| 700 1# - |
| -- |
Barden, Robert A. |
| 942 ## - ADDED ENTRY ELEMENTS (KOHA) |
| Source of classification or shelving scheme |
|
| Item type |
Books |